000
00266nam a22001217a 4500
008
170905b xxu||||| |||| 00| 0 eng d
041
_a
eng
080
_a
51
100
_a
12
101
_a
KIM
245
_a
KIMIA FIZIKE DHE KOLOIDALE
_c
KARAGJOZI,H
942
_2
udc
_c
BK
999
_c
26110
_d
26110